[Event "CRO-chT"]
[Site "Sibenik"]
[Date "2007.10.14"]
[Round "2"]
[White "Malakhov, Vladimir"]
[Black "Gyimesi, Zoltan"]
[Result "1-0"]
[WhiteElo "2690"]
[BlackElo "2610"]
[PlyCount "65"]
[EventDate "2007.10.13"]
[EventType "team"]
[EventRounds "9"]
[EventCountry "CRO"]
[SourceTitle "EXT 2008"]
[Source "ChessBase"]
[SourceDate "2007.11.25"]
[SourceVersion "1"]
[SourceVersionDate "2007.11.25"]
[SourceQuality "1"]

1. Nf3 Nf6 2. g3 d5 3. Bg2 c6 4. O-O Bg4 5. d3 Nbd7 6. Nbd2 e5 7. e4 dxe4 8. dxe4 Bc5 9. h3 Bh5 10. Qe1 O-O 11. Nc4 Re8 12. a4 Nb6 13. Na5 Qc7 14. Nh4 Nfd7 15. b4 Bf8 16. c4 ({RR} 16. Nf5 f6 17. Ne3 Bf7 18. c3 Nc8 19. Qe2 Nd6 20. Bd2 a6 21. Rfc1 b6 22. Nac4 Nxc4 23. Nxc4 b5 24. Nb2 Nb6 25. Bf1 Nc4 26. Nxc4 Bxc4 27. Qe1 Qf7 {½-½ (27) Werle,J (2574)-Gyimesi,Z (2595) Germany 2010}) 16... c5 17. b5 a6 18. Bd2 axb5 $146 ({RR} 18... f6 19. Nf5 Nxa4 20. Rxa4 axb5 21. cxb5 b6 22. Qa1 bxa5 23. Ne3 Bf7 24. Rb1 Nb6 25. Rxa5 Qb7 26. Ra6 c4 27. Bb4 Nd7 28. Bxf8 Rxf8 29. Rxa8 Rxa8 30. Qc3 Nb6 31. Rd1 Qc7 32. Qb4 c3 33. Rc1 {Moranda,W (2560)-Ragger,M (2666) Legnica 2013 0-1 (36)}) 19. axb5 Be7 20. Nf5 Nf8 21. f4 Bf6 22. g4 Bg6 23. g5 Bd8 24. fxe5 Rxe5 25. Bc3 Ne6 26. Nxb7 Qxb7 27. Bxe5 Nxc4 28. Bxg7 Nxg7 29. Qc3 Ne6 30. Rxa8 Qxa8 31. Nh6+ Kf8 32. Qxc4 Nxg5 33. h4 1-0

[Event "Barcelona Casino"]
[Site "Barcelona"]
[Date "2007.10.25"]
[Round "8"]
[White "Vaganian, Rafael A"]
[Black "Narciso Dublan, Marc"]
[Result "1-0"]
[WhiteElo "2600"]
[BlackElo "2546"]
[PlyCount "105"]
[EventDate "2007.10.18"]
[EventType "tourn"]
[EventRounds "9"]
[EventCountry "ESP"]
[EventCategory "15"]
[SourceTitle "CBM 121"]
[Source "ChessBase"]
[SourceDate "2007.11.14"]
[SourceVersion "1"]
[SourceVersionDate "2007.11.14"]
[SourceQuality "1"]

1. Nf3 Nf6 2. g3 d5 3. Bg2 c6 4. O-O Bf5 5. d3 e6 6. Qe1 Be7 ({RR} 6... h6 7. Nh4 Bh7 8. f4 Nbd7 9. Nc3 Be7 10. e4 O-O 11. e5 Ne8 12. Nf3 Nc7 13. g4 f6 14. exf6 Bxf6 15. g5 hxg5 16. fxg5 Bxc3 17. bxc3 Qe7 18. Qg3 Rxf3 19. Rxf3 Nf8 20. Bf4 Nb5 21. a4 {Maghsoodloo,P (2671)-Moroni,L (2553) Chess.com INT 2019 1-0 (44)}) 7. Nc3 ({RR} 7. Nh4 Bg4 8. h3 Bh5 9. e4 dxe4 10. dxe4 O-O 11. Nc3 Nbd7 12. f4 Nb6 13. Kh1 Nfd7 14. Nf3 Bxf3 15. Bxf3 e5 16. Qe2 Bb4 17. Bd2 Qe7 18. Rad1 Rad8 19. a3 Bd6 20. f5 Qe8 21. g4 Be7 {Chernov,A (2314)-Denisenko,D (1992) chess.com INT 2024 ½-½ (43)}) 7... h6 8. e4 Bh7 9. Ne5 $146 ({RR} 9. h4 dxe4 10. dxe4 Nbd7 11. Bf4 Qa5 12. e5 Ng4 13. Rd1 Qc7 14. Qe2 O-O-O 15. Nd4 g5 16. Qxg4 h5 17. Qxh5 Bxc2 18. Qxf7 Rh7 19. Qxe6 Bxd1 20. hxg5 Bh5 21. g6 Bxg6 22. Qxg6 Nf8 23. Qf5+ Qd7 {Chatalbashev,B (2529)-Bordi,K (2143) Saint Vincent 2002 1-0}) ({RR} 9. h4 O-O 10. e5 Nfd7 11. Bf4 c5 12. Qd2 Nc6 13. Rae1 Re8 14. Nb5 a6 15. Na3 b5 16. c3 b4 17. Nc2 bxc3 18. bxc3 Rb8 19. Ne3 Bf8 20. g4 Nb6 21. Rd1 d4 22. Nc4 dxc3 23. Qxc3 Nd5 {Fedoseev,V (2674)-Yevseev,D (2515) Jurmala 2015 0-1 (46)}) 9... O-O 10. f4 Nbd7 11. Nxd7 Qxd7 12. e5 Ne8 13. g4 f6 14. Bd2 fxe5 15. Qxe5 Bd6 16. Qe3 Bc7 17. Na4 Nd6 18. Nc5 Qf7 19. Qxe6 Bb6 20. Qxf7+ Rxf7 21. b4 a5 22. a4 Re7 23. Bf3 Rf8 24. Kg2 axb4 25. Bxb4 Rfe8 26. Nb3 Bc7 27. Rfe1 Rxe1 28. Rxe1 Bg6 29. a5 Nb5 30. f5 Bf7 31. Rxe8+ Bxe8 32. c4 dxc4 33. dxc4 Nd6 34. Nc5 Bb8 35. a6 b6 36. Nd7 Bxd7 37. Bxd6 Ba7 38. c5 bxc5 39. Be2 Be8 40. Bc4+ Bf7 41. Bxf7+ Kxf7 42. Be5 g6 43. f6 g5 44. Kf3 Ke6 45. Ke2 Kf7 46. Kd3 Ke6 47. Kc4 Kf7 48. h3 Ke6 49. Bb2 Kf7 50. Ba3 Kxf6 51. Bxc5 Bb8 52. Kd4 h5 53. Ke4 1-0

[Event "EU-chT (Men) 16th"]
[Site "Heraklion"]
[Date "2007.10.31"]
[Round "4.2"]
[White "Roiz, Michael"]
[Black "Balogh, Csaba"]
[Result "1-0"]
[WhiteElo "2644"]
[BlackElo "2562"]
[Annotator "Roiz,Michael"]
[PlyCount "47"]
[EventDate "2007.10.28"]
[EventType "team-swiss"]
[EventRounds "9"]
[EventCountry "GRE"]
[SourceTitle "CBM 121"]
[Source "ChessBase"]
[SourceDate "2007.11.14"]
[SourceVersion "1"]
[SourceVersionDate "2007.11.14"]
[SourceQuality "1"]
[WhiteTeam "Israel"]
[BlackTeam "Hungary"]
[WhiteTeamCountry "ISR"]
[BlackTeamCountry "HUN"]

1. Nf3 Nf6 2. g3 d5 3. Bg2 e6 4. O-O Nbd7 $6 {In my opinion, this order of moves is dubious, since White can exploit the passive placement of the d7. However, my young opponent has already used it several times, so I was well prepared.} ({The standard} 4... c5 {followed by c6 looks much more natural.}) 5. d3 ({The main reason of Black's previous move is avoiding the Catalan by means of:} 5. d4 b5 $1) ({At the same time, another version of the Catalan which arises after} 5. c4 dxc4 6. Qa4 a6 {is completely harmless.}) 5... b6 6. c4 $1 {I was happy to get this position during the game. It looks like after an exchange on d5 White can easily push e2-e4, while Black's pieces are placed not ideally.} ({The standard plan of the immediate e2-e4 advance doesn't promise much, as we can see from my opponent's previous experience:} 6. Nbd2 Bb7 7. e4 (7. c3 Be7 8. Qc2 O-O 9. Rd1 c5 10. e4 Qc7 11. b3 Rfd8 {½-½ Horvath,C-Balogh,C/Budapest 2003/CBM 093 ext}) 7... dxe4 8. Ng5 Be7 9. Ngxe4 Nxe4 10. Nxe4 O-O 11. Re1 Qc8 12. Bd2 Nf6 13. Bg5 Nxe4 14. Bxe7 Re8 $11 {½-½ Ruck,R-Balogh,C/Sibenik CRO 2007 (29)}) 6... Bb7 7. cxd5 exd5 $6 {After this natural capture Black's position turns out to be critical.} (7... Nxd5 {At the same time, after the correct:} 8. e4 N5f6 9. Nc3 Be7 (9... c5 $5) 10. Re1 O-O 11. d4 Bb4 12. Qc2 $14 {which happend in 1-0 Reshevsky,S-Denker,A/New York 1957/MCD (42) Black got a slighty worse but solid position.}) 8. Nc3 Be7 9. e4 $1 $146 {This move is very unpleasant for Black, as after the e4-e5 advance it would be unclear where to put the f6.} (9. Nd4 O-O 10. Bf4 (10. Nf5 $14) 10... Nc5 11. Rc1 Nh5 12. Be3 g6 13. b4 Ne6 14. Qb3 $14 {1-0 Dizdarevic,E-Kashashvili,A/Batumi 1999/CBM 074 (28)}) 9... dxe4 $146 {Too optimistic! Black shouldn't open the d-file.} ({After} 9... O-O 10. e5 Ne8 11. Re1 c6 $14 {/ White is obviously better, but Black's position may improve.}) ({RR} 9... Nc5 10. Nd4 O-O 11. e5 Ne8 12. Nf5 c6 13. d4 Ne6 14. f4 N6c7 15. Nxe7+ Qxe7 16. f5 f6 17. e6 Nd6 18. a4 a5 19. g4 Rfd8 20. h4 Nce8 21. Qf3 Rac8 22. Bf4 Ba6 23. Rf2 Bc4 24. Re1 {Khotenashvili,B (2484)-Cosma,E (2340) Stary Smokovec 2018 1-0 (34)}) 10. dxe4 {I was lucky enough to be able to make use of my home preparation in this game!} Nc5 ({The tactical point of my idea is:} 10... Nxe4 11. Nxe4 Bxe4 12. Qa4 $1 Bd5 13. Rd1 c6 14. Ne5 $1 {(preventing Black from castling)} b5 15. Qf4 Nxe5 16. Qxe5 O-O 17. Bxd5 cxd5 18. Rxd5 Bf6 19. Rxd8 Bxe5 20. Rd5 $16 {and White wins a pawn and gets reasonable winning chances.}) 11. Nd4 $1 {Now the e4-e5 advance is unavoidable, so White gets control of the key c6-square.} (11. e5 $6 Nfe4 12. Nxe4 Bxe4 $14) 11... O-O ({The e4 was poisoned:} 11... Nfxe4 $2 12. Nxe4 Nxe4 (12... Bxe4 13. Bxe4 Nxe4 14. Re1 Nf6 (14... Kf8 15. Rxe4 c5 16. Rxe7 Qxe7 17. Nf5 Qf6 18. Qf3 Rd8 19. Bf4 Kg8 20. Qe4 Qxb2 21. Be5 $18) 15. Qe2 $18) 13. Re1 $18) 12. e5 Bxg2 ({Hardly better would be:} 12... Nd5 13. Nxd5 (13. Bxd5 $5 Bxd5 14. Qg4 Be6 15. Nxe6 Nxe6 16. Rd1 Qe8 17. Be3 $16) 13... Bxd5 14. Nc6 Bxc6 15. Bxc6 Qxd1 16. Rxd1 Rad8 17. Be3 $16) 13. Kxg2 Nd5 {At least Black has an opportunity of simplifying the position.} ({Also} 13... Nfd7 14. b4 Ne6 15. Nc6 Qe8 16. Nd5 Bd8 17. f4 {looks terrible for Black.}) 14. Nc6 Nxc3 15. bxc3 ({I didn't want to trade the queens, although after} 15. Qxd8 Bxd8 16. bxc3 Re8 (16... f6 17. Ba3 $16) 17. Rd1 f6 18. f4 fxe5 19. fxe5 $16 {White could maintain a huge advantage.}) 15... Qe8 16. Qd5 {The placement of c6 looks scary, as it restricts practically all the black pieces.} Kh8 $2 {This move was played very quickly. At the same time, it is only after this loss of time that White gets a winning position.} ({It was necessary to prevent the pin of c5 by means of} 16... Na4 17. e6 Bd6 $16) ({or} 16... Ne6 17. Rb1 Bc5 $16) 17. Ba3 $1 f5 {[%cal Gf5f4] Probably Black was trying to get some counterchances on the kingside, but it's unrealistic with such passive pieces.} 18. f4 {The most simple - now Black cannot do anything against the decisive penetration along the d-file.} Rg8 (18... Rf7 19. Rad1 Bf8 20. Nd8 $18) 19. Rad1 Bf8 {This was probably a blunder, but Black's position was completely hopeless anyway.} ({For instance after} 19... g6 20. Rfe1 Rg7 21. e6 h6 22. c4 {[%cal Ga3b2] White could win the game without changing the character of the position.}) 20. Nd8 $1 {[%cal Od5a8,Gd8f7]} Rxd8 21. Qxd8 {The rest is just an agony - Black cannot create any threats.} Qa4 22. Bxc5 Bxc5 (22... Qe4+ 23. Kh3 Bxc5 24. Qd3 $18) 23. Qd2 Qe4+ 24. Rf3 1-0

[Event "Wch Blitz 2nd"]
[Site "Moscow"]
[Date "2007.11.21"]
[Round "8"]
[White "Morozevich, Alexander"]
[Black "Bacrot, Etienne"]
[Result "1-0"]
[WhiteElo "2755"]
[BlackElo "2695"]
[PlyCount "75"]
[EventDate "2007.11.21"]
[EventType "tourn (blitz)"]
[EventRounds "38"]
[EventCountry "RUS"]
[EventCategory "19"]
[SourceTitle "EXT 2008"]
[Source "ChessBase"]
[SourceDate "2007.11.25"]
[SourceVersion "1"]
[SourceVersionDate "2007.11.25"]
[SourceQuality "1"]

1. Nf3 d5 2. g3 Bg4 3. Bg2 c6 4. d3 e6 5. h3 ({RR} 5. Nbd2 Bd6 6. c4 Nd7 7. b3 Ngf6 8. Bb2 O-O 9. Qc2 a5 10. h3 Bh5 11. g4 Bg6 12. Nh4 a4 13. Nxg6 axb3 14. axb3 Rxa1+ 15. Bxa1 hxg6 16. e3 Qb6 17. Ke2 Ra8 18. Bc3 Bb4 19. Rb1 Ra3 {Sigurdsson,S (2067)-Ingvason,J (2123) Reykjavik ISL 2025 0-1 (67)}) 5... Bh5 6. g4 ({RR} 6. Nbd2 Nd7 7. b3 Ngf6 8. Bb2 Bd6 9. g4 Bg6 10. Nh4 Be5 11. c3 Qe7 12. Qc2 Bd6 13. a3 O-O 14. e3 Ne5 15. Nxg6 Nxg6 16. Nf3 e5 17. c4 e4 18. dxe4 dxe4 19. Nd2 Be5 20. g5 Nd7 {Roiz,M (2644)-Bacrot,E (2695) Khanty-Mansiysk 2007 ½-½}) 6... Bg6 7. Ne5 Nd7 $146 ({RR} 7... Nf6 8. e3 Nfd7 9. Nxg6 hxg6 10. Nc3 Bd6 11. Qe2 Qc7 12. Bd2 a5 13. f4 Na6 14. a3 O-O-O 15. O-O f5 16. g5 e5 17. d4 exd4 18. exd4 Rde8 19. Qf2 Nb6 20. b3 Kb8 21. Nd1 Nc8 22. c4 {Karthikeyan,P (2481)-Hitesh,V (1607) Bangkog 2018 1-0 (31)}) ({RR} 7... Nf6 8. Nd2 Nbd7 9. Nxg6 hxg6 10. c4 Bd6 11. Nf3 e5 12. O-O O-O 13. cxd5 Nxd5 14. e4 N5f6 15. d4 exd4 16. Qxd4 Qc7 17. Bg5 Rfe8 18. Rfe1 Rad8 19. Rad1 Ne5 20. Nxe5 Bxe5 21. Qxa7 Bxb2 22. Rxd8 {Legenia,A (2092)-Wagner,D (2321) Chess.com INT 2022 1-0 (32)}) 8. Nxg6 hxg6 9. e3 Bd6 10. Qe2 f5 11. Nd2 Ngf6 12. e4 Qe7 13. Nb3 O-O-O 14. Bd2 fxg4 15. hxg4 Rxh1+ 16. Bxh1 Rh8 17. O-O-O Rh2 18. d4 Nxe4 19. Bxe4 dxe4 20. Qxe4 Rxf2 21. Qxg6 Nf6 22. Re1 Kd7 23. c4 b6 24. g5 Ne8 25. d5 cxd5 26. cxd5 Nc7 27. dxe6+ Nxe6 28. Qe4 Qf7 29. g6 Qf5 30. Qa4+ Kd8 31. Qxa7 Bc7 32. Qa8+ Kd7 33. Qa4+ Kd8 34. Qc4 Kd7 35. a4 Qxg6 36. Qd5+ Ke7 37. Nd4 Rxd2 38. Rxe6+ 1-0

[Event "Wch Blitz 2nd"]
[Site "Moscow"]
[Date "2007.11.21"]
[Round "10"]
[White "Morozevich, Alexander"]
[Black "Karpov, Anatoly"]
[Result "1-0"]
[WhiteElo "2755"]
[BlackElo "2670"]
[PlyCount "65"]
[EventDate "2007.11.21"]
[EventType "tourn (blitz)"]
[EventRounds "38"]
[EventCountry "RUS"]
[EventCategory "19"]
[SourceTitle "EXT 2008"]
[Source "ChessBase"]
[SourceDate "2007.11.25"]
[SourceVersion "1"]
[SourceVersionDate "2007.11.25"]
[SourceQuality "1"]

1. Nf3 Nf6 2. g3 d5 3. Bg2 c6 4. d3 Bf5 5. Nbd2 h6 6. O-O e6 7. Qe1 Bh7 8. e4 Be7 9. Ne5 Na6 ({RR} 9... Nbd7 10. Nxd7 Nxd7 11. f4 dxe4 12. dxe4 O-O 13. Kh1 Nc5 14. Qe2 a5 15. Nc4 b5 16. Ne5 Qc7 17. Nd3 Nxd3 18. cxd3 c5 19. Be3 Rac8 20. Rac1 Qd7 21. Rc2 Rfd8 22. Rd2 Bf6 23. Rc1 Bd4 24. h4 {Vaganian,R (2615)-Karpov,A (2725) Moscow 1993 ½-½}) ({RR} 9... Nbd7 10. Nxd7 Nxd7 11. f4 Qb6+ 12. Kh1 d4 13. a4 Rc8 14. a5 Qc7 15. Qe2 O-O 16. e5 b5 17. g4 c5 18. b3 c4 19. bxc4 Bb4 20. Bb2 Bxa5 21. Bxd4 Bxd2 22. Rxa7 Qd8 23. Qxd2 bxc4 24. f5 {Valdes Romero,L (2404)-Chen,M (1997) Chess.com INT 2022 1-0 (42)}) 10. Qe2 $146 ({RR} 10. Kh1 Nc5 11. Qe3 Qb6 12. b3 Ncd7 13. Bb2 Qxe3 14. fxe3 Nxe5 15. Bxe5 O-O 16. Rae1 Rfd8 17. h3 Bb4 18. Re2 Bxd2 19. Bxf6 gxf6 20. Rxd2 dxe4 21. d4 f5 22. c4 Rd7 23. Rfd1 Rad8 24. Bf1 Bg6 {Caprio,G (2224)-Vezzosi,P (2367) Torino 2010 0-1 (53)}) 10... Nb4 11. c3 Na6 12. d4 O-O 13. Nxc6 bxc6 14. Qxa6 dxe4 15. Qxc6 Qd5 16. Qa6 e5 17. Nb3 exd4 18. Nxd4 Bc5 19. Be3 Ng4 20. Rad1 Qh5 21. h3 Nxe3 22. fxe3 Qg5 23. Rf4 Qxg3 24. Qe2 Rad8 25. Rg4 Qe5 26. Rf1 Rd6 27. Qc4 Bb6 28. Rgf4 Bg6 29. Kh1 Qg5 30. Nf5 Rd2 31. Rg4 Qh5 32. Ne7+ Kh7 33. Nxg6 1-0

[Event "Wch Blitz 2nd"]
[Site "Moscow"]
[Date "2007.11.22"]
[Round "26"]
[White "Morozevich, Alexander"]
[Black "Rublevsky, Sergei"]
[Result "1-0"]
[WhiteElo "2755"]
[BlackElo "2676"]
[PlyCount "31"]
[EventDate "2007.11.21"]
[EventType "tourn (blitz)"]
[EventRounds "38"]
[EventCountry "RUS"]
[EventCategory "19"]
[SourceTitle "EXT 2008"]
[Source "ChessBase"]
[SourceDate "2007.11.25"]
[SourceVersion "1"]
[SourceVersionDate "2007.11.25"]
[SourceQuality "1"]

1. Nf3 d5 2. g3 Bg4 3. Bg2 Nd7 4. d3 c6 5. h3 Bh5 6. g4 Bg6 7. Nh4 e6 8. Nxg6 hxg6 9. e3 Bd6 10. Qe2 Ne7 11. Nd2 g5 12. Nf3 Ng6 13. Bd2 Nde5 14. O-O-O $146 ({RR} 14. Bc3 Nxf3+ 15. Bxf3 Be5 16. Bxe5 Nxe5 17. Bg2 Qd6 18. O-O-O Ng6 19. d4 b5 20. Rhf1 a5 21. f4 gxf4 22. Qf2 f3 23. Bxf3 Ra7 24. Rh1 c5 25. Qh2 Qxh2 26. Rxh2 cxd4 27. Rxd4 Ne5 28. Be2 b4 {Jones,G (2540)-Wells,P (2513) Bunratty 2009 ½-½ (37)}) 14... Qf6 15. Bc3 Nxf3 16. Bxf6 1-0

[Event "Champions Challenge 228th"]
[Site "Playchess.com INT"]
[Date "2007.12.08"]
[Round "3.3"]
[White "Galkin, Alexander"]
[Black "Volkov, Sergey"]
[Result "1-0"]
[WhiteElo "2608"]
[BlackElo "2659"]
[PlyCount "103"]
[EventDate "2007.12.08"]
[EventType "k.o. (blitz)"]
[EventRounds "3"]
[EventCountry "GER"]
[SourceTitle "EXT 2010"]
[Source "ChessBase"]
[SourceDate "2010.11.25"]
[SourceVersion "1"]
[SourceVersionDate "2010.11.25"]
[SourceQuality "1"]

1. Nf3 d5 2. c4 d4 3. e3 Nc6 4. a3 e5 5. b4 e4 6. Nxd4 Nxd4 7. exd4 Qxd4 8. Nc3 Nf6 9. Bb2 $146 ({RR} 9. h3 a5 10. Rb1 axb4 11. axb4 Be6 12. Nb5 Qd7 13. c5 c6 14. Nc3 Be7 15. Qe2 O-O 16. g3 Bf5 17. Bg2 e3 18. Rb2 exf2+ 19. Qxf2 Rfe8 20. O-O Bxh3 21. d4 Bxg2 22. Kxg2 Bf8 23. Bf4 Rad8 {Vaglio,J (2174)-De la Villa Garcia,J (2449) chess.com INT 2023 0-1 (64)}) ({RR} 9. h3 a5 10. Rb1 axb4 11. axb4 Be6 12. Nb5 Qd7 13. c5 c6 14. Nc3 Be7 15. Qe2 O-O 16. g3 Bf5 17. Bg2 e3 18. Rb2 exf2+ 19. Qxf2 Rfe8 20. O-O Bxh3 21. d4 Bxg2 22. Kxg2 Bf8 23. Bf4 Rad8 {Vaglio,J (2174)-De la Villa Garcia,J (2449) chess.com INT 2023 0-1 (64)}) 9... a5 10. Qc2 Ng4 11. Nxe4 Qd8 12. h3 Nf6 13. Nxf6+ gxf6 14. c5 axb4 15. axb4 Rxa1+ 16. Bxa1 Qe7+ 17. Be2 Rg8 18. Kd1 Rxg2 19. Re1 Be6 20. Qa4+ Qd7 21. Qa8+ Ke7 22. Bc3 c6 23. Bc4 Rxf2 24. Qa2 Bh6 25. Qb2 Bg5 26. Qc2 h5 27. b5 h4 28. Bxe6 fxe6 29. Qh7+ Kd8 30. Ba5+ b6 31. Bxb6+ Kc8 32. Qxd7+ Kxd7 33. bxc6+ Kxc6 34. Rxe6+ Kb5 35. Rd6 Rh2 36. Ba7 Bf4 37. Rb6+ Kc4 38. Rb2 Kd5 39. Rc2 Kc6 40. d4 Rxh3 41. d5+ Kxd5 42. c6 Rh1+ 43. Ke2 Rh2+ 44. Bf2 Bg3 45. Rc5+ Kd6 46. c7 Rxf2+ 47. Ke3 Kxc5 48. c8=Q+ Kd5 49. Qe8 Rf5 50. Qd7+ Ke5 51. Qe7+ Kd5 52. Qe4+ $138 1-0

[Event "Seville op 33rd"]
[Site "Seville"]
[Date "2008.01.09"]
[Round "6"]
[White "Movsziszian, Karen"]
[Black "Burmakin, Vladimir"]
[Result "1-0"]
[WhiteElo "2527"]
[BlackElo "2611"]
[PlyCount "41"]
[EventDate "2008.01.05"]
[EventType "swiss"]
[EventRounds "9"]
[EventCountry "ESP"]
[SourceTitle "CBM 122 Extra"]
[Source "ChessBase"]
[SourceDate "2008.03.04"]
[SourceVersion "1"]
[SourceVersionDate "2008.03.04"]
[SourceQuality "1"]

1. Nf3 d5 2. g3 c6 3. Bg2 Nf6 4. O-O Bf5 5. d3 h6 6. Nc3 e6 7. Nd2 ({RR} 7. Bf4 Be7 8. Re1 Nbd7 9. e4 Bh7 10. Qd2 O-O 11. e5 Nh5 12. Be3 f5 13. Nd4 Kf7 14. Bf3 Bg6 15. Qe2 c5 16. Nxe6 Kxe6 17. Bxd5+ Kxe5 18. Bf4+ Kf6 19. Qe6# {1-0 (19) Hiwale,R (2093)-Giang,T (2148) chess.com INT 2025}) 7... d4 ({RR} 7... Be7 8. e4 Bh7 9. f4 O-O 10. Qe2 a5 11. Nd1 Na6 12. a3 Rc8 13. Nf2 c5 14. g4 b5 15. h4 c4 16. g5 cxd3 17. cxd3 Ne8 18. gxh6 gxh6 19. Nf3 Kh8 20. f5 Rg8 21. Ne5 Nd6 22. Nfg4 {Salem,A (2690)-Farahat,A (2381) Sharjah 2022 1-0}) 8. Nce4 Be7 9. c3 Bxe4 $146 ({RR} 9... O-O 10. Qb3 b6 11. Qa4 Nxe4 12. Nxe4 e5 13. Nd2 b5 14. Qc2 Qb6 15. a4 Na6 16. axb5 Qxb5 17. Nf3 Bf6 18. Qa4 Qxa4 19. Rxa4 Nc5 20. Rc4 Nxd3 21. cxd4 Be6 22. exd3 Bxc4 23. dxc4 exd4 {1-0 (23) Ciobanu,A (2210)-Calin,A (1890) Iasi 2014}) 10. Nxe4 Nxe4 11. Bxe4 Na6 12. Qa4 O-O 13. cxd4 Qd7 14. Bd2 Nc7 15. e3 a5 16. Rac1 Nd5 17. a3 Rad8 18. f4 Rfe8 19. Rf2 Bd6 20. f5 Bc7 21. f6 1-0

[Event "Moscow Aeroflot op-A2"]
[Site "Moscow"]
[Date "2008.02.21"]
[Round "8"]
[White "Zhou, Weiqi"]
[Black "Magomedov, Magaram"]
[Result "1-0"]
[WhiteElo "2530"]
[BlackElo "2530"]
[PlyCount "43"]
[EventDate "2008.02.14"]
[EventType "swiss"]
[EventRounds "9"]
[EventCountry "RUS"]
[SourceTitle "CBM 122 Extra"]
[Source "ChessBase"]
[SourceDate "2008.03.04"]
[SourceVersion "1"]
[SourceVersionDate "2008.03.04"]
[SourceQuality "1"]

1. d4 d5 2. c4 c6 3. Nf3 Nf6 4. e3 e6 5. Bd3 Nbd7 6. b3 Bd6 7. Bb2 O-O 8. O-O Qe7 ({RR} 8... b6 9. Nbd2 Bb7 10. Ne5 c5 11. cxd5 Nxd5 12. Ndc4 Nxe5 13. dxe5 Be7 14. a3 f5 15. exf6 Bxf6 16. Qh5 g6 17. Qh3 Bxb2 18. Qxe6+ Kg7 19. Nxb2 Re8 20. Qh3 Qf6 21. Na4 Rad8 22. Rad1 Re5 23. Rfe1 {Sargissian,G (2658)-Bocharov,D (2602) Moscow 2007 1-0 (46)}) ({RR} 8... b6 9. Nc3 Bb7 10. Qe2 Re8 11. Rfd1 e5 12. dxe5 Nxe5 13. cxd5 Nxd3 14. Qxd3 cxd5 15. Nb5 Be7 16. Rac1 Ba6 17. a4 Rc8 18. Rxc8 Qxc8 19. Rc1 Qb7 20. Qf5 Bxb5 21. axb5 Qd7 22. Qxd7 Nxd7 23. Rc7 {Postny,E (2597)-Mordechai,H (2329) Israel ISR 2024 1-0 (37)}) 9. Ne5 c5 10. Nd2 b6 11. Nc6 $146 ({RR} 11. Qc2 Bb7 12. Nxd7 Qxd7 13. dxc5 bxc5 14. Bxf6 gxf6 15. cxd5 exd5 16. Qd1 Kg7 17. Qh5 Rg8 18. Bf5 Qc7 19. Rad1 Rae8 20. e4 d4 21. f4 Bxf4 22. Qg4+ Bg5 23. Nc4 h5 24. Qf3 Ba6 25. Kh1 h4 {Nguyen,T (2492)-Bao,K (2237) Bac Giang 2014 1-0 (72)}) ({RR} 11. e4 cxd4 12. Nc6 Qe8 13. exd5 e5 14. Re1 Nc5 15. Bf1 e4 16. Bxd4 Bg4 17. Qc2 Bf5 18. Qc3 Nh5 19. b4 Nd7 20. g4 Bxg4 21. Rxe4 Qc8 22. Rxg4 Ndf6 23. Rg2 Kh8 24. Bxf6 Nxf6 25. Ne4 {1-0 (25) Vidit,S (2718)-Ivlev,A (2300) Chess.com INT 2018}) 11... Qe8 12. e4 dxe4 13. Nxe4 Nxe4 14. Bxe4 Bb7 15. d5 e5 16. Bf5 Nf6 17. f4 Bxc6 18. dxc6 Qb8 19. Qf3 g6 20. Rae1 Re8 21. fxe5 Rxe5 22. c7 1-0

[Event "Iberoamerican-ch GpA 2nd"]
[Site "Morelia"]
[Date "2008.02.17"]
[Round "3"]
[White "Gonzalez Zamora, Juan Carlos"]
[Black "De la Riva Aguado, Oscar"]
[Result "1-0"]
[WhiteElo "2556"]
[BlackElo "2548"]
[PlyCount "75"]
[EventDate "2008.02.15"]
[EventType "tourn"]
[EventRounds "5"]
[EventCountry "MEX"]
[EventCategory "9"]
[SourceTitle "CBM 122 Extra"]
[Source "ChessBase"]
[SourceDate "2008.03.04"]
[SourceVersion "1"]
[SourceVersionDate "2008.03.04"]
[SourceQuality "1"]

1. Nf3 d5 2. c4 d4 3. g3 g6 4. d3 Bg7 5. Bg2 e5 6. O-O Ne7 7. b4 a5 8. b5 c5 9. bxc6 Nexc6 10. Na3 O-O 11. Nb5 Na6 12. Ng5 Qe7 $146 ({RR} 12... Nc5 13. Rb1 h6 14. Ba3 Nb4 15. Ne4 Nxe4 16. Bxe4 Qe7 17. Qd2 Rd8 18. Bxb4 axb4 19. Rxb4 Rxa2 20. Qxa2 Qxb4 21. Rb1 Qe7 22. Na7 Bf8 23. Qa5 Bg4 24. Bxb7 Rd7 25. Nc6 Qd6 26. Nxe5 Bxe2 27. Nxd7 {Gourlay,I (2304)-Young,C (2102) Coventry 2005 1-0 (32)}) 13. Ne4 Rd8 14. Rb1 h6 15. Ba3 Nab4 16. Qa4 Ra6 17. Bb2 f5 18. Ned6 Ra8 19. Nxc8 Raxc8 20. Ba3 e4 21. Na7 Ra8 22. Nxc6 Qe8 23. dxe4 fxe4 24. Bxe4 bxc6 25. Bf3 Nxa2 26. Bxc6 Qe5 27. Bxa8 Rxa8 28. Qc6 Rd8 29. Rb5 Qxe2 30. Rb2 Nb4 31. Qxg6 Qxc4 32. Bxb4 axb4 33. Rfb1 d3 34. Rxb4 Qd5 35. Rb7 Qd4 36. Rd1 Rf8 37. Rxg7+ Qxg7 38. Qxg7+ 1-0